1629 1542 1933 1726 1456 1172 1147 1506 1600 1078 1264 1652 1655 1943 1623 1602 1181 1326 1948 1773 1325 1003 1005 1231 1478 1963 1306 1783 1138 1852 1962 1011 1598 1257 1389 1949 1976 1187 1462 1586 1728 1682 1162 1996 1190 1061 1301 1295 1411 1444 1583 1514 1345 1539 1120 1747 1673 1883 1893 1135 1725 1234 1269 1925 1082 1480 1762 1223 1696 1913 1887 1664 1087 1395 1423 1063 1727 1173 1828 1676 1466 1575 1150 1333 1560 1663 1906 1005 1873 1974 1931 1444 1334 1654 1715 1071 1486 1407 1445 BCNSPRNW ULIB Ver.6.0+V

เปลี่ยนเป็นภาษาไทย

Change to English
 แสดงรายละเอียดบรรณานุกรม
  กลับหน้าหลัก

Brief Record : Get Marc (ISO 2709) : E-mail record : QR code < ปิดหน้าต่าง
LEADER : 00000nam 2200000uu 4500
001    13399123207
003     ULIB
008    020711s2551 th a 000 0 tha d
020    9789744263438
090    นว.^bอ727อ
100    อิทธิพล คมขำ
245    อนาคตกำหนดรัก /^cอิทธิพล คมขำ
260    กรุงเทพฯ :^bLemongreen,^c2551
300    272 หน้า;^b21 ซม.
710    Lemongreen
945    ^p199^l0^i20343
999    ^aทศพร เกษรทอง
รายการนี้ยังไม่มีแท็ก
คุณยังไม่ได้ล็อกอิน คุณสามารถมีกิจกรรมร่วมกับเว็บไซต์ได้ แต่ต้องล็อกอินก่อน ::
  ล็อกอิน

รายการสื่อสารสนเทศ

ลำดับที่ ประเภท เลขเรียก/บาร์โค้ด สถานที่ สถานะ
1. นวนิยาย
นวนิยาย
นว. อ727อ ฉ.1 
  Barcode: 20343
ห้องสมุดวิทยาเขตนครสวรรค์
►นวนิยาย:l:Fiction
บนชั้น

BibComment


ยังไม่เคยถูกคอมเมนท์

คอมเมนท์ทรัพยากรรายการนี้
  คอมเมนท์: อนาคตกำหนดรัก อิ..


 Copyright 2026. Bcnsprnw @Library